| 000 | 00651nam a2200217 u 4500 | ||
|---|---|---|---|
| 005 | 20240605063803.0 | ||
| 008 | 091119s2004 r 000 0 eng d | ||
| 020 | _a8420542296 | ||
| 035 | _aUPN01000173828 | ||
| 049 | _aCG | ||
| 050 | 4 |
_aPN4775 _bB4.3 2004 |
|
| 100 | 1 | _aBenavides Ledesma, José Luis | |
| 245 | 1 | 0 |
_aEscribir en prensa / _cJosé Luis Benavides Ledesma, Carlos Quintero Herrera. |
| 250 | _a2a ed. | ||
| 260 |
_aMadrid : _bPearson Educación, _c2004. |
||
| 300 |
_a394 p. : _bil. |
||
| 440 | 0 | _aPearson comunicación | |
| 650 | 4 |
_aPeriodismo _vManuales _915202 |
|
| 700 | 1 |
_aQuintero Herrera, Carlos, _ecoaut. |
|
| 905 | _aLibro | ||
| 999 |
_c145932 _d145932 |
||